00452 2200181 4500001002100000005001500021035002000036007000300056008004100059082000800100084001400108100002100122245003400143250000600177260005200183300002100235600001400256INLIS00000000000089720220613091612 a0010-0622000041ta220613 g 0 ind  a895 a895 KUR n0 aKurniawati, Vivi1 aNikah Siri /cVivi Kurniawati a1 aJakarta Selatan :bRumah Fikih Publising,c2019 a35 hlm. ;c20 cm 4aNon Fiksi